Bester fremdsprachlicher Film - deutschsprachige Oscarnoms - Statistiken

Allgemein
  • Dieses Quiz wurde 66 mal gespielt
  • Das Durchschnittsergebnis liegt bei 7 aus 25
Antwortstatistiken
Jahr der Nominierung Filmname Produktionsland (einreichend) % Korrekt
2007 Das Leben der Anderen Deutschland
80%
2005 Der Untergang Deutschland
59%
1980 Die Blechtrommel BRD
54%
2010 Das weiße Band - Eine deutsche Kindergeschichte Deutschland
46%
2003 Nirgendwo in Afrika Deutschland
46%
2008 Die Fälscher Österreich
44%
2013 Liebe Österreich
39%
2017 Toni Erdmann Deutschland
39%
2019 Werk ohne Autor Deutschland
37%
2009 Der Baader Meinhof Komplex Deutschland
35%
1960 Die Brücke BRD
31%
1993 Schtonk! Deutschland
28%
1977 Jakob, der Lügner DDR
26%
1957 Der Hauptmann von Köpenick BRD
22%
1998 Jenseits der Stille Deutschland
15%
1958 Nachts, wenn der Teufel kam BRD
15%
1987 38 - Auch das war Wien Österreich
13%
1974 Der Fußgänger BRD
13%
2009 Revanche Österreich
11%
1959 Helden BRD
7%
1986 Bittere Ernte BRD
6%
1982 Das Boot ist voll Schweiz
4%
1991 Das schreckliche Mädchen Deutschland
4%
1971 Erste Liebe Schweiz
4%
1991 Reise der Hoffnung Schweiz
4%
Keine übereinstimmenden Quizze gefunden
Verteilung der Resultate
Anzahl Personen mit jedem Resultat
Perzentil nach korrekt beantworteten Fragen
Ihre Resultats-Entwicklung
Sie haben dieses Quiz noch nicht gespielt